000 00378nam a22001457a 4500
005 20240214110101.0
008 240214b ||||| |||| 00| 0 eng d
040 _cAL
041 _aEnglish
082 _223
_a530
_bRAOT
100 _aM A Ramachandra Rao
_9151095
245 _aTextbook of Pre University Physics
700 _aRAO (M A Ramachandra )
_9151096
942 _2ddc
_cBK
999 _c229809
_d229809